| 000 | 01358nam a2200337 a 4500 | ||
|---|---|---|---|
| 001 | 000017236 | ||
| 003 | DO-SdBNP | ||
| 005 | 20250128193628.0 | ||
| 007 | ta | ||
| 008 | 100322s2008 dr c 000 0 spa d | ||
| 020 | _a9789945427325 | ||
| 040 |
_aDO-SdBNP _bspa _cBNPHU |
||
| 082 | 4 |
_a972.93 _bE77m _222 |
|
| 100 | 1 |
_aEspinal Hernández, Edwin, _d1971- _98396 |
|
| 245 | 1 | 3 |
_aEl monumento a los héroes de la Restauración : _bhistoria y arquitectura / _cEdwin Espinal Hernández, César Félix Payamps Fernández ; edición Héctor Luis Martínez. |
| 260 |
_aSanto Domingo : _bSecretaría de Estado de Cultura, _c2008. |
||
| 300 |
_a179 p. : _bil., retrs. ; _c23 cm. |
||
| 490 | 1 | _aMonumento | |
| 500 | _aIncluye referencias bibliográficas y notas al pie de las páginas | ||
| 504 | _aBibliografía : p. 161-179 | ||
| 590 | _aInventariado, 2022/BT | ||
| 650 | 0 |
_aMonumentos historicos _937892 |
|
| 650 | 4 |
_aMonumentos históricos _xConservación y restauración _937893 |
|
| 650 | 4 |
_aArquitectura _yRepúblicaDominicana, Santiago de los caballeros _937894 |
|
| 651 | 0 |
_aREPÚBLICA DOMINICANA _xHISTORIA _yRESTAURACIÓN 1863-1865 _9896 |
|
| 700 | 1 |
_aPayamps Fernández, César Félix _937895 |
|
| 700 | 1 |
_aMartínez, Héctor Luis, _eed. _99580 |
|
| 830 | 0 |
_aMonumento _937896 |
|
| 910 | _aValidado. Control de calidad. MMOLINA | ||
| 942 |
_2ddc _cLBS1 |
||
| 999 |
_c16761 _d16761 |
||